LEADER 01397nam0 22003251i 450 001 VAN00014311 005 20240806100259.535 010 $a88-8114-843-9 020 $aIT$b2000 1365 100 $a20031204d1999 |0itac50 ba 101 $aita 102 $aIT 105 $a|||| ||||| 200 1 $aCarl Schmitt tra decisione e ordinamento concreto$fAdalgiso Amendola 210 $aNapoli$cEdizioni scientifiche italiane$d[1999] 215 $a173 p.$d24 cm. 410 1$1001VAN00008835$12001 $aPubblicazioni dell'Università degli studi di Salerno. Sez. di Studi Giuridici$v20 606 $aSchmitt, Carl$3VANC007382$2FI 620 $dNapoli$3VANL000005 676 $a320.092$v21 700 1$aAmendola$bAdalgiso$3VANV005813$03008 712 $aESI $3VANV108662$4650 790 1$aAmendola, Adalgiso <1969- >$zAmendola, Adalgiso$3VANV010411 790 1$aAmendola, A.$zAmendola, Adalgiso$3VANV026822 801 $aIT$bSOL$c20260130$gRICA 912 $aVAN00014311 950 $aBIBLIOTECA DEL DIPARTIMENTO DI GIURISPRUDENZA$d00CONS XXI.Db.77 $e00 26275 20041214 950 $aBIBLIOTECA DEL DIPARTIMENTO DI GIURISPRUDENZA$d00CONS XXI.Eb.63 $e00 14980 20040908 996 $aCarl Schmitt tra decisione e ordinamento concreto$9157297 997 $aUNICAMPANIA